| 000 | 00514nam a2200145Ia 4500 | ||
|---|---|---|---|
| 008 | 140724s9999 xx 000 0 und d | ||
| 050 |
_aBF 175 _b.D278 2014 |
||
| 100 | _aDe Asis, Christine Joy B. | ||
| 245 |
_aInfluence of social games in the interpersonal skills of children with autism / _cChristine Joy B. De Asis. |
||
| 260 |
_aLas PiƱas, Philippines : _bSouthville International School and Colleges, _cc2014. |
||
| 300 |
_a51 p. : _c28 cm. |
||
| 521 | _aSpecial Education | ||
| 942 | _cTH | ||
| 999 |
_c229140 _d229140 |
||